000 01048naa a2200289 c 4500
001 36652
003 ES-MaCES
005 20141221114144.0
008 060609n2006 sp a t ||0 | spa d
035 _aCES20060009201v
040 _aES-MaCES
_bspa
_cES-MaCES
245 0 0 _aAcuerdo de formación profesional para el empleo
_b: competitividad, empleo estable y cohesión social
650 4 _asindicalismo
_929453
650 4 _aorganizaciones empresariales
_931559
650 4 _aplanificación de la formación
_929959
650 4 _areinserción profesional
_929517
650 4 _adesarrollo educativo
_927370
650 4 _aformación profesional permanente
_929931
650 4 _aformación profesional
_927394
650 4 _arelación formación empleo
_929976
650 4 _aempleo
_928299
653 1 0 _aEducación
773 0 _tDirigir personas
_gn. 38 (marzo 2006){55/1038 R. 064578}; p. 14-25
_w(ES-MaCES)25991
_978910
902 _aART Artículo de revista
942 _2CES
_cAR
_h4.0.
999 _c36652
_d36652